Geografía de la argentina /

Guardado en:
Autor Principal: Sassone, Susana María
Otros Autores: Bertone de Daguerre, Celia V., Lara, Albina L.
Formato: Libro
Publicado: Buenos Aires : Kapelusz
Series:Espacios y sociedades. Geografía
Materias:
Etiquetas: Agregar Etiqueta
Sin Etiquetas, Sea el primero en etiquetar este registro!
LEADER 01598nam a22002655a 4500
001 CEM.cems011393
005 20071002152138.0
008 130507b######################000#0#####d
003 CEMS
020 |a 9501309339 
082 0 4 |a Z918.2 
100 1 |a Sassone, Susana María 
245 1 0 |a Geografía de la argentina /  |c Susana María Sassone, Celia V. Bertone de Daguerre, Albina L. Lara 
260 |a Buenos Aires :  |b Kapelusz 
300 |a 340 p. 
490 0 |a Espacios y sociedades. Geografía 
505 0 |a El medio natural y la acción humana en el espacio geográfico -- La diversidad de los medios naturales -- La naturaleza inquieta: los desastres naturales -- La sociedad organiza el espacio geográfico: la población y las actividades económicas -- La población argentina, protagonista del cambio -- Sistemas de asentamientos humanos, espacios urbanos y espacios rurales -- Las estrategias de producción de los recursos naturales a la industria -- Los servicios y el comercio dinamizan el territorio -- Nuestro ambiente, un patrimonio común -- La organización política transforma el espacio geográfico -- La República Argentina: la construcción de un Estado 
653 |a Geografía 
653 |a Geografía argentina 
700 1 |a Bertone de Daguerre, Celia V. 
700 1 |a Lara, Albina L. 
859 |a CEMS  |b BIB. CEMS - 11 de abril  |h Z918.2  |i Sa79  |p 22311.03  |t Ej.1 
859 |a CEMS  |b BIB. CEMS - 11 de abril  |h Z918.2  |i Sa79  |p 22403.04  |t Ej.2 
859 |a CEMS  |b BIB. CEMS - 11 de abril  |h Z918.2  |i Sa79  |p 22404.04  |t Ej.3 
859 |a CEMS  |b BIB. CEMS - 11 de abril  |h Z918.2  |i Sa79  |p 25125.08  |t Ej.4